000 00641nam a22001937a 4500
005 20161206171415.0
010 _aENG-116715
020 _a9788184846065
_c780.00
035 _aEN-100247
037 _bDBAD/PUB
082 _a305.40954
100 _aRao, Allu Gowri Sankar
245 _aEmpowering dalit women with self-hell group :
_cby Allu Gowri Sankar Rao
_ban analysis /
260 _aNew Delhi
_bRegal Publications
_c2017
270 _aF-159, Rajouri Garden
_bNew Delhi
_e110027
300 _avii,176p.
_c23cm(Hb)
500 _aIncludes bibliographical references and index
942 _2ddc
_cEN
_h305.40954
_mRAO
999 _c104873
_d104873